| 000 | 00611nam a2200229Ia 4500 | ||
|---|---|---|---|
| 003 | OSt | ||
| 005 | 20220928110054.0 | ||
| 006 | a|||||r|||| 00| 0 | ||
| 007 | ta | ||
| 008 | 220927b |||||||| |||| 00| 0 eng d | ||
| 024 | _a52684 | ||
| 037 | _cTextual | ||
| 040 |
_aSDCL _cSDCL _beng |
||
| 041 |
_2eng _aeng |
||
| 082 | _aO152,1N5:g, N1 | ||
| 100 |
_aDivik Ramesh _9418003 |
||
| 245 | 0 | _aNaye kaviyon ke kavya shilp siddhant. | |
| 260 |
_aLucknow _bBharat Book Center _c1991 |
||
| 300 |
_a425p. _ccm. |
||
| 942 |
_hO152,1N5:g, N1 _cTEXL _2CC |
||
| 999 |
_c733994 _d733994 |
||